KOHA-Header-6

Inside PostScript (Record no. 7196)

000 -LEADER
fixed length control field 00258nam a2200109Ia 4500
100 ## - MAIN ENTRY--AUTHOR NAME
Personal name Frank Merritt
245 #0 - TITLE STATEMENT
Title Inside PostScript
260 ## - PUBLICATION, DISTRIBUTION, ETC. (IMPRINT)
Place of publication India
Name of publisher vikas Publishing
Year of publication 1989
300 ## - PHYSICAL DESCRIPTION
Number of Pages 352
942 ## - ADDED ENTRY ELEMENTS (KOHA)
Koha item type Books
Holdings
Withdrawn status Lost status Collection code Permanent Location Current Location Shelving location Date acquired Full call number Accession Number Koha item type
    Management MAJU MAJU   2019-09-12 005.2 930 Management

Powered by Koha